000 01240cam a2200277 4500
008 090401t1997 xxu||||| |||| 00| 0 eng d
020 _a072772553X
035 _a(Sirsi) u56893
041 _aeng
050 _a692.8
110 _aConstruction Industry Board
_92991
245 _aFramework for a national register for consultants : a report by Working Group 4 of the Construction Industry Board.
260 _aLondon
_bThomas Telford Publishing
_c1997
300 _a34p. : ill. ; 30cm.
350 _a0
490 _aWorking Group
_v4
520 _aCIB was set up under the chairmanship of Sir Michael Latham to implement the recommendations of the Latham Report Constructing the Team. This report recommends improvements in the assessment of the financial viability and notation, the managerial and technical competence, the specialisms, and the health and safety and racial equality practices of consultants. Looks at the possibility of basing the register on the DoE`s ConReg database.
650 _aCONREG DATABASE
650 _aCONSTRUCTION INDUSTRY
650 _aNATIONAL REGISTER FOR CONSULTANTS
650 _aWG4
650 _aWORKING GROUP 4
690 _aBUILT ENVIRONMENT
942 _n0
948 _c04/03/1997
999 _c93854
_d93854